000 00329nam a2200145Ia 4500
100 _aMcCabe/W.L & Smith /J.C
650 _aChemistry
942 _cBK
654 _aChemical Engg
245 _aUnit Operations of Chemical Engg.
260 _bMcGraw Hill
_aTokyo
_c1976
082 _a660.2
300 _a1028
546 _aENGLISH
999 _c28747
_d28747